| 000 | 00877nam a22002777a 4500 | ||
|---|---|---|---|
| 001 | 8575 | ||
| 003 | FISKH | ||
| 005 | 20251001141423.0 | ||
| 008 | 251001b cb ||||| |||| 00| 0 eng d | ||
| 020 | _a9780062203090 | ||
| 040 |
_aFISKH _beng _cFISKH _dFISKH |
||
| 050 | _aPZ7.W65535 T | ||
| 082 | _a813.6 | ||
| 100 |
_aWillems, Mo _eAuthor |
||
| 245 | _aThat is not a good idea!/ | ||
| 260 |
_aNew York: _bHarperCollins, _c2013. |
||
| 300 |
_a40 unnumbered pages : _bcolor illustrations ; _c25cm |
||
| 505 | _aG | ||
| 520 | _aA surprising lesson about the importance of listening to one's inner gosling ensues when a very hungry fox issues a dinner invitation to a very plump goose. | ||
| 521 | 8 |
_a410
_blexile AD |
|
| 521 | 8 |
_aG
_bRaz-Plus |
|
| 650 |
_aAnimals _vChildren's book |
||
| 700 |
_aRago, Martha _eillustrator |
||
| 942 |
_2ddc _cBK _n0 |
||
| 999 |
_c8575 _d8575 |
||